000 00759cam a22001935a 4500
001 L149119
008 100113s2009 xxk 000 0 eng d
035 _a(Sirsi) u149119
041 0 _aeng
110 2 _aAsia Property
_95589
245 0 0 _aKey data
_boccupiers
260 _c2009
490 0 _aAsia Property
_vNovember 2009, 26(1)
520 _aShanghai will be the first Chinese mainland city to develop a decentralised Grade A office market. Office leasings in Perth are increasing on the back of a boom in Western Australia?s mineral extraction and mining industries. Table covers prime Asian rents and yields, Q2 2009.
590 _aKA
651 4 _aAsia Pacific
690 _aPROPERTY-COMMERCIAL PROPERTY-COMMERCIAL PROPERTY MARKET
942 _n0
999 _c82064
_d82064